000 00871nam a2200301Ia 4500
003 OSt
005 20220912150805.0
006 a|||||r|||| 00| 0
007 ta
008 220909b |||||||| |||| 00| 0 eng d
020 _a1578201179 (pbk)
024 _a9677
037 _bGovinda,
037 _cTextbook
040 _aCSL
_beng
_cCSL
041 _aeng
082 _aD65,8(B):71:(894), P2 TD
100 _aGrigonis Richard
245 0 _aDisaster survival guide for business communications networks
260 _aNew York
_b CMP Books
_c2002
300 _axii, 383p.
_ccm.
500 _aGlossary 337-378p.
_ccm.; Index 379-383p.
_ccm.
650 _a Network
650 _a Security
650 _aComputer science
942 _hD65,8(B):71:(894), P2 TD
_cTB
_2CC
999 _c55056
_d55056